Využitie ultasonografie a počítačovej analýzy obrazu pri stanovení obsahu intramuskulárneho tuku ošípaných

Bibliographic Details
Main Authors: Bahelka, Ivan (Author), Tomka, J. (Author), Demo, Peter (Author), Hanusová, E. (Author)
Format: Article
Language:Slovak
Subjects:

MARC

LEADER 00000nab a2200000 a 4500
001 vtls008985575
003 SK-MaSNL
005 20260304135546.0
008 250505c2006 xo |||||||||||000 b|slo
015 |a SNBRB2007/05  |2 snkbucl 
035 |a (uuid)9963a7e6-1c45-46d1-94f3-8ba75f153b18 
035 |a urn:nbn:sk:snk-ab2dlf 
035 |a (urnnbn)urn:nbn:sk:snk:ar-a027l0 
038 |a SNKBUCL 
040 |a SNKBUCL  |b slo  |c SNKBUCL  |e AACR2 
041 0 |a slo  |b eng 
044 |a xo  |c SK 
080 |a 636.4.033  |2 1997 
245 0 0 |a Využitie ultasonografie a počítačovej analýzy obrazu pri stanovení obsahu intramuskulárneho tuku ošípaných  |c I. Bahelka ... [et al.] 
246 3 1 |a Exploitation of ultrasonography and computer analysis of picture at estimate of intramuscular fat content of pigs 
300 |b Tab. 
504 |a Bibliogr. odkazy 
546 |a Res. angl. 
650 0 7 |a ošípané  |2 snkbucl  |9 2795 
650 0 7 |a tuk  |2 snkbucl  |9 1058460 
650 0 7 |a intramuskulárny tuk  |2 snkbucl  |9 560925 
650 0 7 |a ultrasonografia  |2 snkbucl  |9 13510 
650 0 7 |a počítačová analýza obrazu  |2 snkbucl  |9 541027 
700 1 |a Bahelka, Ivan  |4 aut  |9 13026 
700 1 |a Tomka, J.  |4 aut  |9 664687 
700 1 |a Demo, Peter  |4 aut  |9 10278 
700 1 |a Hanusová, E.  |4 aut  |9 1162500 
773 0 |t Acta fytotechnica et zootechnica : výber príspevkov z medzinárodnej vedeckej konferencie XXII. Dni genetiky konanej 12.-14. septembra 2006  |g Roč. 9, mimoriadne číslo (2006), s. 168-171  |x 1335-258X 
850 |a Slovenská národná knižnica 
852 |a Slovenská národná knižnica 
954 |a odborná, vedecká literatúra pôvodná (slovenská)  |2 lita 
958 |a article27 
958 |a NB 
958 |a OND 
958 |a EUIPO 
999 |c 2911221  |d 2913151